| 000 | 00615nam a2200169 i 4500 | ||
|---|---|---|---|
| 001 | 185052 | ||
| 003 | ES-MaACL | ||
| 005 | 20250826054858.0 | ||
| 008 | 160309s1916 sp |||| | spa d | ||
| 245 | 0 | 0 | _aCatálogo de las obras que los señores suscriptores a "Los Progresos de la Clínica" pueden adquirir en las condiciones que se especifican en el mismo. |
| 260 |
_aMadrid : _b[s.n.], _c1916. |
||
| 300 |
_a5, 16, 8 p. ; _c27 cm. |
||
| 650 | 4 |
_aLibros- _vCatálogos comerciales. _9159004 |
|
| 650 | 7 |
_aMedicina- _vBibliografías _2 _9158981 |
|
| 852 |
_aES-MaACL _j1506-F-5 |
||
| 999 |
_c185052 _d185052 |
||